Statistics for Social media app logos

Click here to take the quiz!

General Stats

  • This quiz has been taken 15 times
  • The average score is 6 of 8

Answer Stats

Answer% Correct
Youtube
100%
Facebook
91%
Instagram
91%
Whatsapp
91%
Skype
82%
Pinterest
45%
Twitter
45%
Linkedin
36%

Score Distribution

Percentile by Number Answered

Percent of People with Each Score

Your Score History

You have not taken this quiz